000 00795 a2200241 4500
005 20251014141125.0
008 251014b |||||||| |||| 00| 0 eng d
020 _a9783031416910 (pbk)
037 _cTB
040 _aCRL
_cCRL
041 _2eng
_aeng
084 _aP111v R3
_qCRL
100 _aKnooihuizen, Remco
_9822370
245 _aLinguistics of the history of english
260 _aCham, Switzerland:
_bPalgrave Macmillan,
_c2023.
300 _axi, 210p.
365 _b44.99
_cEURO
650 _aLanguage and Languages
_9848246
650 _aEnglish Language
_9848247
650 _aLinguistics
_9848248
942 _cTB
_2CC
_n0
_hP111v R3
999 _c1436107
_d1436107